| Tag |
First Indicator |
Second Indicator |
Subfields |
| LEADER |
00000cam a2200000 4500 |
| 001 |
in00000061911 |
| 005 |
20151008051102.0 |
| 008 |
750605s1941 eng u |
| 010 |
|
|
|a 41008339
|
| 035 |
|
|
|a (OCoLC)01374142
|
| 035 |
|
|
|9 AAG5620AM
|
| 040 |
|
|
|c ORL
|d TXA
|d UtOrBLW
|
| 049 |
|
|
|a TXAM
|c [134658]
|
| 050 |
0 |
0 |
|a Z683
|b .B2
|
| 082 |
0 |
|
|a 025.116
|
| 092 |
|
|
|a 025.11
|b B181
|
| 100 |
1 |
|
|a Baldwin, Emma V.
|q (Emma Virginia),
|d 1877-1952.
|
| 245 |
1 |
0 |
|a Library costs and budgets ;
|b a study of cost accounting in public libraries /
|c by Emma V. Baldwin and William E. Marcus.
|
| 264 |
|
1 |
|a New York :
|b R. R. Bowker company,
|c 1941.
|
| 300 |
|
|
|a xii pages 1 leaf, 201 pages :
|b including tables, diagrams, folded forms ;
|c 24 cm.
|
| 336 |
|
|
|a text
|b txt
|2 rdacontent
|
| 337 |
|
|
|a unmediated
|b n
|2 rdamedia
|
| 338 |
|
|
|a volume
|b nc
|2 rdacarrier
|
| 504 |
|
|
|a Bibliography: pages 192-196.
|
| 650 |
|
0 |
|a Library finance.
|
| 650 |
|
0 |
|a Cost accounting.
|
| 700 |
1 |
|
|a Marcus, William E.
|q (William Elder),
|d 1883-
|
| 999 |
|
|
|a MARS
|
| 999 |
f |
f |
|s 326bdfe3-21a6-3599-891b-bc47373529dd
|i ce95ddb9-6bd2-3362-bb5b-08248f572c44
|t 0
|
| 952 |
f |
f |
|p ric
|a Texas A&M University
|b Rellis Campus
|c Joint Library Facility
|d Remote Storage
|t 0
|e Z683 B2
|h Library of Congress classification
|i unmediated -- volume
|m A14826719022
|
| 998 |
f |
f |
|a Z683 B2
|t 0
|l Remote Storage
|